<?xml version="1.0" encoding="UTF-8"?><?xml-stylesheet type="text/xsl" href="static/style.xsl"?><OAI-PMH xmlns="http://www.openarchives.org/OAI/2.0/" xmlns:xsi="http://www.w3.org/2001/XMLSchema-instance" xsi:schemaLocation="http://www.openarchives.org/OAI/2.0/ http://www.openarchives.org/OAI/2.0/OAI-PMH.xsd"><responseDate>2026-05-01T18:41:57Z</responseDate><request verb="GetRecord" identifier="oai:riubu.ubu.es:10259/7546" metadataPrefix="marc">https://riubu.ubu.es/oai/request</request><GetRecord><record><header><identifier>oai:riubu.ubu.es:10259/7546</identifier><datestamp>2023-10-28T00:05:46Z</datestamp><setSpec>com_10259_4431</setSpec><setSpec>com_10259_2684</setSpec><setSpec>col_10259_7518</setSpec></header><metadata><record xmlns="http://www.loc.gov/MARC21/slim" xmlns:doc="http://www.lyncode.com/xoai" xmlns:xsi="http://www.w3.org/2001/XMLSchema-instance" xmlns:dcterms="http://purl.org/dc/terms/" xsi:schemaLocation="http://www.loc.gov/MARC21/slim http://www.loc.gov/standards/marcxml/schema/MARC21slim.xsd">
<leader>00925njm 22002777a 4500</leader>
<datafield tag="042" ind1=" " ind2=" ">
<subfield code="a">dc</subfield>
</datafield>
<datafield tag="720" ind1=" " ind2=" ">
<subfield code="a">Santamaría Vázquez, Montserrat</subfield>
<subfield code="e">author</subfield>
</datafield>
<datafield tag="260" ind1=" " ind2=" ">
<subfield code="c">2022</subfield>
</datafield>
<datafield tag="520" ind1=" " ind2=" ">
<subfield code="a">El capítulo ha definido la EB y mostrado su clasificación, así como sus principales&#xd;
consecuencias funcionales, describiendo brevemente la hidrocefalia y la malformación de&#xd;
Arnold Chiari, comúnmente asociadas a la EB. Igualmente ha establecido los objetivos más&#xd;
importantes de un programa de estimulación temprana dedicado a niños/as con EB o lesión&#xd;
medular infantil.</subfield>
</datafield>
<datafield tag="520" ind1=" " ind2=" ">
<subfield code="a">The chapter defined SB and shown its classification, as well as its main functional consequences, briefly describing hydrocephalus and Arnold Chiari malformation, commonly associated with SB. It also established the most important objectives of an early stimulation program dedicated to children with SB or infantile spinal cord injury.</subfield>
</datafield>
<datafield tag="520" ind1=" " ind2=" ">
<subfield code="a">Il capitolo definisce la SB e ne illustra la classificazione, nonché le principali conseguenze&#xd;
funzionali, descrivendo brevemente l'idrocefalo e la malformazione di Arnold Chiari,&#xd;
comunemente associati alla SB. Ha inoltre stabilito gli obiettivi più importanti di un&#xd;
programma di stimolazione precoce per bambini con SB o lesione midollare infantile.</subfield>
</datafield>
<datafield tag="520" ind1=" " ind2=" ">
<subfield code="a">U poglavlju je definirana SB i prikazana je njezina klasifikacija, kao i njezine glavne funkcionalne posljedice, ukratko opisani su hidrocefalus i Arnold Chiari-eva malformacija, koji se obično povezuju s SB-om. Isto tako, utvrdili su se i najvažniji ciljevi programa ranog poticanja razvojadjece s SB-om ili ozljedom leđne moždine u djetinjstvu.</subfield>
</datafield>
<datafield tag="024" ind2=" " ind1="8">
<subfield code="a">http://hdl.handle.net/10259/7546</subfield>
</datafield>
<datafield tag="245" ind1="0" ind2="0">
<subfield code="a">Módulo III.7. Espina bífida y lesión medular infantil</subfield>
</datafield>
</record></metadata></record></GetRecord></OAI-PMH>